| 000 | 00636nam a2200229 4500 | ||
|---|---|---|---|
| 001 | 32079 | ||
| 010 | _a9789724750538 | ||
| 021 |
_aPT _b400311/15 |
||
| 090 | _a32079 | ||
| 100 | _a20160419d2016 b y0pory50030103ba | ||
| 101 | 1 | _apor | |
| 102 | _aPT | ||
| 200 | 1 |
_aBebé _ehora de dormir _fDawn Sirett |
|
| 205 | _a1ª ed. | ||
| 210 |
_aAlfragide _cTexto _d2016 |
||
| 215 |
_a[14] p. cartonadas _cil. _d13 x 13cm |
||
| 675 |
_a087.5 _92104 |
||
| 700 |
_aSirett _bDawn _4070 _93635 |
||
| 702 |
_aKing _bDave _4600 _93636 |
||
| 801 | 0 |
_aPT _bBN _gRPC |
|
| 856 | 4 | 1 | _uhttp://rnod.bn.pt/ImagesBN/winlibimg.aspx?skey=&doc=1928652&img=75371&save=true |
| 990 | _cLIVROS | ||